| 000 | 00432nam a2200169 4500 | ||
|---|---|---|---|
| 001 | 107459 | ||
| 003 | ES-MaACL | ||
| 005 | 20230906184427.0 | ||
| 007 | t| | ||
| 008 | 061121s1969 sp r ||||1| spa d | ||
| 100 | 1 |
_aMorante, Elsa. _983142 |
|
| 245 | 1 | 3 |
_aLa isla de Arturo / _cElsa Morante. |
| 250 | _a1.ยช ed. | ||
| 260 |
_aBarcelona : _bBruguera, _c1969. |
||
| 300 |
_a442 p. ; _c18. |
||
| 852 |
_aES-MaACL _jC-36535 _bR.70666 |
||
| 999 |
_c107459 _d107459 |
||